Honey In Traditional And Modern Medicine (Record no. 569210)

MARC details
000 -LEADER
fixed length control field 00440nam a2200181Ia 4500
008 - FIXED-LENGTH DATA ELEMENTS--GENERAL INFORMATION
fixed length control field 250326s9999 xx 000 0 und d
020 ## - INTERNATIONAL STANDARD BOOK NUMBER
ISBN 9781439840160
Paper back/Hardbound hbk
041 ## - LANGUAGE CODE
Language code of text/sound track or separate title pbk
082 ## - DEWEY DECIMAL CLASSIFICATION NUMBER
Classification number 615.342
Item number BOU
100 ## - MAIN ENTRY--AUTHOR NAME
Personal name Boukraa, Laid
245 #0 - TITLE STATEMENT
Title Honey In Traditional And Modern Medicine
250 ## - EDITION STATEMENT
Edition statement 1
260 ## - PUBLICATION, DISTRIBUTION, ETC. (IMPRINT)
Name of publisher CRC Press
Year of publication 2014
Place of publication London
300 ## - PHYSICAL DESCRIPTION
Number of Pages 454 p.
650 ## - SUBJECT ADDED ENTRY--TOPICAL TERM
Topical Term Pharmacy
942 ## - ADDED ENTRY ELEMENTS (KOHA)
Koha item type English Books
Holdings
Withdrawn status Lost status Damaged status Not for loan Home library Current library Shelving location Date acquired Full call number Accession Number Price effective from Koha item type
        Anna Centenary Library Anna Centenary Library 5TH FLOOR, B WING 26.03.2025 615.342 BOU 701086 26.03.2025 Reference

Find us on the map